00639nam a2200169Ia 4500008004100000020001500041040001800056041000800074100003800082245015100120260005100271300001800322504002100340650003100361650004100392700003600433130821s1995 sp gr spa  a8474915325 aCo-BoUCMbspa aspa aPereira Castañares, Juan Carlos aDocumentos básicos sobre historia de las relaciones internacionales 1815-1991cJuan Carlos Pereira Casteñeres, Pedro Antonio Martínez Lillo. aMadrid (España)bEditorial Complutensec1995 a731 páginas aIncluye índice04aRelaciones internacionales04aRelaciones internacionalesxHistoria aMartínez-Lillo, Pedro Antonio